Statistiques concernant Culture générale - Quiz #11

Cliquez ici pour prendre le quiz!

Statistiques générales

  • Ce quiz a été pris 20 546 fois
  • Le résultat moyen est 11 sur 20

Statistiques - réponses

QuestionRéponse% Correct
Sous quel nom est également connu Dwayne Johnson ?The Rock
91%
Des 12 animaux du zodiaque chinois, lequel est une créature imaginaire ?Le dragon
83%
De quel roman sont issus les personnages de Fantine, Cosette et Gavroche ?Les Misérables
70%
Qu'est-ce qui était interdit durant la "prohibition", aux États-Unis ?La vente d'alcool
66%
Qu'utilisait-on majoritairement comme instrument d'écriture en Occident entre le VIème et le XIXème siècle ?Une plume
66%
Quel nom porte une équation pouvant s'écrire sous la forme :
ax2 + bx + c = 0 ?
Équation du {second} {degré}
65%
Comment appelle-t-on la période entre Mardi gras et Pâques ?Le Carême
65%
Dans quel pays actuel s'est déroulée la guerre du Péloponnèse ?La Grèce
61%
Quelle religion compte le plus d'adeptes en Inde ?L'hindouisme
60%
Qui incarne une parodie d'Adolf Hitler dans Le Dictateur ?Charlie Chaplin
56%
Traditionnellement, le 25ème anniversaire de mariage correspond aux noces...D'argent
56%
De quel langage proviennent les termes "pineco", "téma" ou "skeud" ?Verlan
56%
Dans quel pays se situe le temple d'Angkor Vat ?Le Cambodge
50%
Quel animal figure sur les armoiries de la Normandie ?Le léopard
43%
Dans quel pays le marché boursier a-t-il fermé ses portes en 1917 pour ne rouvrir qu'en 1992 ?Russie
43%
La princesse Anne fut la première membre de la famille royale Britannique à participer à une épreuve Olympique. Dans quelle discipline concourait-elle ?L'équitation
41%
De quelle saga de jeux vidéo sont tirés les personnages de Ryu, Guile et Chun-Li ?Street Fighter
41%
Quelle ville belge est appelée "capitale mondiale du diamant" ?Anvers
39%
Qui fut le premier empereur romain de confession chrétienne ?Constantin Ier
22%
Quelle est la capitale de l'État australien du Queensland ?Brisbane
19%

Distribution des résultats

Percentile par nombre de réponses

% des personnes avec chaque résultat

Votre développement - résultats

Vous n’avez pas pris ce quiz